Dealing with climate change policies and measures in IEA member countries

Salvato in:
Dettagli Bibliografici
Natura: Libro
Lingua:inglese
Pubblicazione: Paris OECD/IEA 2001
Soggetti:
Tags: Aggiungi Tag
Nessun Tag, puoi essere il primo ad aggiungerne!!

MARC

LEADER 00000nam a2200000 4500
001 c129450
005 20221221091442.3
020 |a 92-64-19518-1 
041 0 |a eng 
044 |a FR 
245 1 0 |a Dealing with climate change  |b policies and measures in IEA member countries 
264 1 |a Paris  |b OECD/IEA  |c 2001 
300 |a 145 s. 
610 2 0 |a energia 
610 2 0 |a energetika 
610 2 0 |a podnebie 
610 2 0 |a efekt skleníkový 
610 2 0 |a emisie 
610 2 0 |a ochrana prostredia životného 
610 2 0 |a programy racionalizačné 
610 2 0 |a politika ekologická 
610 2 0 |a svet 
610 2 0 |a OECD